Largest Charities (US) Quiz Stats

 Plays Quiz Updated Aug 20, 2012

Challenge
Share
Tweet
Embed
Score 0/25 Timer 06:00
0 Plays Today
Rank Charity % Correct
7American National Red Cross
67.8%
2American Cancer Society
30.6%
9Goodwill Industries International
22.9%
19American Heart Association
18.1%
10Habitat for Humanity International
15.9%
4YMCA
15.8%
8Boys & Girls Clubs of America
15.5%
6St. Jude Children's Research Hospital
14.3%
1Catholic Charities, USA
11.3%
22Boy Scouts of America
10.9%
13United States Fund for UNICEF
6.6%
25Susan G Komen for the Cure
4.2%
3World Vision
3.9%
Rank Charity % Correct
11The Nature Conservancy
1.7%
5Feeding America
1.4%
23Shriners Hospitals for Children
1.3%
12Compassion International
1.1%
21CARE USA
1%
16Campus Crusade for Christ
0.9%
15Gifts in Kind International
0.6%
20MAP International
0.5%
18Operation Blessing International Relief
0.4%
17Lutheran Services in America
0.3%
24Direct Relief International
0.2%
14National Christian Charitable Foundation
0.1%

You're not logged in!

Compare scores with friends on all Sporcle quizzes.
OR
Log In

You Might Also Like...

Show Comments

Extras

Top Quizzes Today


Score Distribution

Your Account Isn't Verified!

In order to create a playlist on Sporcle, you need to verify the email address you used during registration. Go to your Sporcle Settings to finish the process.

Report this User

Report this user for behavior that violates our Community Guidelines.

Details: